000
00327nam a22001337a 4500
008
181214b xxu||||| |||| 00| 0 eng d
020
_a
0815152191
041
_a
eng
080
_a
004
100
_a
37
101
_a
SHK
245
_a
Introduction Computers Digital Processing Medical Imaging
_c
Kuni.ch.c
942
_2
udc
_c
BK
999
_c
53127
_d
53127